| 000 | 00819nam a2200277 a 4500 | ||
|---|---|---|---|
| 001 | 000022387 | ||
| 003 | 000022387 | ||
| 005 | 20180221141253.0 | ||
| 008 | 101007s2009 dr 000 f spa d | ||
| 020 | _a9789945429152 | ||
| 040 |
_aBPMSU _bspa _cBPMSU |
||
| 082 | 0 | 4 |
_aRD863.44 _bM632d |
| 100 | 1 |
_aMieses, Juan Carlos, _d1947- |
|
| 245 | 1 | 3 |
_aEl día de todos / _cJuan Carlos Mieses. |
| 260 |
_aSanto Domingo : _bGrupo Santillana, _c2009. |
||
| 300 |
_a168 p. ; _c23 cm. |
||
| 490 | 1 | _aAlfaguara | |
| 500 | _aIncluye datos biográficos del autor en la solapa | ||
| 650 | 4 | _aNOVELA DOMINICANA | |
| 650 | 4 | _aLITERATURA DOMINICANA | |
| 830 | 0 | _pAlfaguara | |
| 942 |
_2ddc _cBK |
||
| 945 | _a Inventariado / 2017 VM | ||
| 956 |
_aVMATEO _b10 _c20110207 _lBPMSU _h0069 |
||
| 956 | _aValidado. Control de calidad MFF | ||
| 999 |
_c7187 _d7187 |
||